| 000 | 00697nam a2200181Ia 4500 | ||
|---|---|---|---|
| 008 | 100921s9999 xx 000 0 und d | ||
| 082 |
_b32555 _a891.461 थ 94 |
||
| 100 | _aकुसुमाग्रज (शिरवाडकर वि.वा.). | ||
| 245 | _aमेघदूत-कालीदास. | ||
| 260 |
_bपॉप्युलर प्रकाशन, मुंबई. _c1994 |
||
| 300 |
_a68 _bजयेश एजन्सी,पुणे. |
||
| 365 | _b35 | ||
| 520 | _aललित-काव्य. | ||
| 630 | _aमेघदूत-कालीदास. | ||
| 650 | _aललित-काव्य. | ||
| 730 | _aमेघदूत-कालीदास. | ||
| 942 | _cBOOK | ||
| 999 |
_c781668 _d781665 |
||